Top Appearances of Every Premier League Team - 2024/25 - Statistics

General Stats
  • This quiz has been taken 89 times
  • The average score is 16 of 20
Answer Stats
Team Answer Appearances Country % Correct
Arsenal David Raya / Leandro Trossard 38 Spain / Belgium
98%
Liverpool Mohamed Salah 38 Egypt
94%
Chelsea Moisés Caicedo 38 Ecuador
94%
Fulham Alex Iwobi / Raúl Jiménez / Bernd Leno 38 Nigeria / Mexico / Germany
90%
Manchester City Josko Gvardiol 37 Croatia
90%
Aston Villa Ollie Watkins 38 England
90%
Brighton & Hove Albion Kaoru Mitoma / Bart Verbruggen 36 Japan / Netherlands
89%
Brentford Nathan Collins / Mikkel Damsgaard / Keane Lewis-Potter / Bryan Mbeumo / Kevin Schade 38 Ireland / Denmark / England / Cameroon / Germany
88%
Crystal Palace Dean Henderson / Ismaïla Sarr 38 England / Senegal
87%
Newcastle United Bruno Guimarães 38 Brazil
86%
Everton Jordan Pickford 38 England
85%
Tottenham Hotspur Pape Sarr 36 Senegal
85%
Nottingham Forest Anthony Elanga / Matz Sels 38 Sweden / Belgium
82%
Manchester United Noussair Mazraoui 37 Morocco
82%
AFC Bournemouth Milos Kerkez 38 Hungary
77%
Wolverhampton Wanderers Rayan Aït-Nouri 37 Algeria
67%
Ipswich Town Liam Delap 37 England
64%
Southampton Mateus Fernandes 36 Portugal
40%
West Ham United Maximilian Kilman 38 England
37%
Leicester City James Justin 36 England
32%
No matching quizzes found
Score Distribution
Percent of People with Each Score
Percentile by Number Answered
Your Score History
You have not taken this quiz